000
00337nam a2200133Ia 4500
008
240624s9999 xx 000 0 und d
041
_a
eng
082
_a
920 CHA
100
_a
CHANDRA PRADEEP
245
_a
AB THE LEGEND A PHOTOGRAPHER S TRIBUTE
260
_c
2006
_a
New Delhi
_b
Rupa and Company
300
_a
210 : p.
365
_c
RS
_b
25
999
_c
17548
_d
17548